|
|
|
|
| LEADER |
00000nam a2200000 a 4500 |
| 001 |
vtls001219059 |
| 003 |
SK-MaSNL |
| 005 |
20260301154445.0 |
| 008 |
240318s1996 xo aa r y slo |
| 015 |
|
|
|a SNBA1996/1002698
|
| 020 |
|
|
|a 8085712704
|c (400 výt.)
|
| 035 |
|
|
|a SNK000163010
|
| 035 |
|
|
|a urn:nbn:sk:snk-amljkb
|
| 035 |
|
|
|a urn:nbn:sk:snk-am00both
|
| 035 |
|
|
|a E24A133B-EBF8-4840-86D0-172BC35DD899
|
| 040 |
|
|
|a SNK
|b slo
|c SNK
|e AACR2
|
| 041 |
0 |
|
|a slo
|
| 044 |
|
|
|a xo
|c SK
|
| 080 |
|
|
|a 379.835(072)
|2 1981
|
| 080 |
|
|
|a 793.4/.7
|2 1981
|
| 100 |
1 |
|
|a Sobihardová, Ľubica
|4 aut
|9 9094
|
| 245 |
1 |
0 |
|a Prázdniny s tajomstvom
|b metodický list
|c Ľubica Sobihardová ; [ilustrácie Martina Sobihardová]
|
| 260 |
|
|
|a Bratislava
|b Iuventa
|c 1996
|
| 300 |
|
|
|a 56 s.
|b Ilustr.
|c 29 cm
|
| 500 |
|
|
|a Ilustr. na tit. strane
|
| 500 |
|
|
|a Údaj o ilustr. prevzatý z rubu tit. strany
|
| 504 |
|
|
|a Bibliogr. s. 55
|
| 650 |
0 |
7 |
|a tábory denné detské
|x materiály metodické
|2 SNK
|9 517399
|
| 655 |
|
7 |
|a príručky
|2 SNK
|9 74364
|
| 700 |
1 |
|
|a Sobihardová, Martina
|4 ill
|9 46895
|
| 919 |
|
|
|a 80-85712-70-4
|
| 958 |
|
|
|a TL
|
| 958 |
|
|
|a NB
|
| 958 |
|
|
|a UO
|
| 999 |
|
|
|c 796949
|d 798879
|
| 952 |
|
|
|t P60, <09>, [BOOK], {629}
|a SNK
|b SNK
|y NEVYP
|7 0
|o snkB 701
|i snk2500/960806
|0 0
|1 0
|4 0
|d 1996-08-02
|l 0
|r 2005-01-01 00:00:00
|w 2026-02-24
|
| 952 |
|
|
|t P60, <03>, [BOOK], {603}
|a SNK
|b SNK
|y PREZ
|7 0
|p 17A0008089
|o snkSB 55722
|i snkKSP 6022/96
|0 0
|1 0
|4 0
|d 1996-08-02
|f 1
|l 0
|r 2025-03-28 00:00:00
|w 2026-02-24
|
| 952 |
|
|
|t P60, <04>, [BOOK], {604}
|a SNK
|b SNK
|y VYP
|7 0
|p 17A0008088
|o snkSB 55722 D1
|i snkKSP 6023/96
|0 0
|1 0
|4 0
|d 1996-08-02
|l 0
|r 2005-01-01 00:00:00
|w 2026-02-24
|